| 000 | 00506nam a22001817a 4500 | ||
|---|---|---|---|
| 005 | 20170814172408.0 | ||
| 010 | _aENG-119807 | ||
| 020 | _c85.00 | ||
| 035 | _aEN-103339 | ||
| 037 | _bDBAD/PUB | ||
| 082 | _a327 | ||
| 100 | _aNaidu,Damodra | ||
| 245 |
_aInternational relations / _cby Damoder Nidu |
||
| 260 |
_aHydrabad _bLorven Publications _c2012 |
||
| 270 |
_a# 3-5-1108,Maruti Complex,Narayanguda _bHydrabad _e2012 |
||
| 300 |
_a236p. _c20cm(pbk) |
||
| 942 |
_2ddc _cEN _mNAI _h327 |
||
| 999 |
_c143376 _d143376 |
||